00638cmm a22001577a 4500082001500000245002400015250001700039260003900056300005500095500003300150500003300183520019900216526003700415650000800452650002000460 a652.5bWOR10aWordPerfect for DOS aVersion 5.1. aOrem, Utah :bWordPerfect,cc1989. a6 floppy disks ;c3 1/2 in. +e1 reference manual. aProduction level cataloging. aTitle from reference manual. aA word-processing program which allows the user to create and format a variety of documents. Also contains holiday, business, education, and leisure packs each pack contain more than 200 images. a0b0c0d652_500000000000000_WOR 0aMCE 0aWord processing